| 000 | 00855nam a2200253Ia 4500 | ||
|---|---|---|---|
| 003 | OSt | ||
| 005 | 20221005074808.0 | ||
| 006 | a|||||r|||| 00| 0 | ||
| 007 | ta | ||
| 008 | 221004b |||||||| |||| 00| 0 eng d | ||
| 020 |
_a9789350981924 (hbk) _cINR 1595.00 |
||
| 024 | _a44318 | ||
| 037 |
_b1658, 21/02/2019, Bright Book Service _cTextual |
||
| 040 |
_aCRL _cCRL _beng |
||
| 041 |
_2eng _aeng |
||
| 082 | _aY73(Q7), Q9 | ||
| 100 |
_aRahman Abdur Au. _9588290 |
||
| 245 | 0 |
_aDenial and deprivation _b indian muslims after the sachar committe and Rangnath Mishra commission reports |
|
| 260 |
_aNew Delhi _bManohar Publisher and Distributor India _c2019 |
||
| 300 |
_a569p. _ccm. |
||
| 650 | _aMUSLIMS - INDIA | ||
| 942 |
_hY73(Q7), Q9 _cTEXL _2cc |
||
| 999 |
_c983273 _d983273 |
||